000 01065cam a22003377a 4500
003 CHAP
005 20220817041357.0
008 971013s1979 enka r 00010 eng d
010 _a12620
011 _a13592
035 _a17664
040 _cCHAP
082 0 4 _a583.79
_bH3
100 0 0 _aHawkes, J. G
_eed.
_953139
245 1 4 _aThe biology and taxonomy of the Solanaceae
260 _aLondon :
_bLinnean Society,
_c1979
300 _a738 p.
_b: ilus.
490 0 _aLinnean society symposium series
_v; 7
590 _aBATCH-UPD
_b10
_c20130110
_lUCH01
_h0212
590 _aBATCH-UPD
_b10
_c20130110
_lUCH01
_h0946
590 _aBATCH-UPD
_b10
_c20130409
_lUCH01
_h2228
590 _aBATCH-UPD
_b10
_c20130914
_lUCH01
_h1643
590 _aCONVERSION
_b10
_c20130109
_lUCH01
_h1308
650 1 4 _aSolanĂ¡ceas.
_9108358
700 0 _aLester, R. N.
_eed.
_966360
700 0 _aShelding, A. D.
_eed.
_9105592
830 0 _aLinnean society symposium series
_v; 7
901 _aBK
942 _cLIBRO
949 _a583.79 H3
_bBC
_cLIBRO
_d33724000360962
_eLIBRO
_h55917
_i17664
_si
999 _c12620
_d12620